Лексико-стилістичний аналіз англійської юридичної лексики (на прикладі англомовних промов юридичного сайту) (Запис № 285383)

МАРК-запис
000 -LEADER
fixed length control field 02134nam a22001577a 4500
041 ## - LANGUAGE CODE
Language code of text/sound track or separate title ukr
080 ## - UNIVERSAL DECIMAL CLASSIFICATION NUMBER
Universal Decimal Classification number 09
090 ## - LOCALLY ASSIGNED LC-TYPE CALL NUMBER (OCLC); LOCAL CALL NUMBER (OCLC)
Local cutter number (OCLC) ; Book number/undivided call number, CALL (RLIN) МАЗ
100 ## - MAIN ENTRY--PERSONAL NAME
Personal name Мазурик, А. В.
245 ## - TITLE STATEMENT
Title Лексико-стилістичний аналіз англійської юридичної лексики (на прикладі англомовних промов юридичного сайту)
260 ## - PUBLICATION, DISTRIBUTION, ETC. (IMPRINT)
Place of publication, distribution, etc Острог
Name of publisher, distributor, etc КАФ
Date of publication, distribution, etc 2014
300 ## - PHYSICAL DESCRIPTION
Extent 52
520 ## - SUMMARY, ETC.
Summary, etc Вступ.<br/>Розділ І. Юридична лексика та лексико-стилістичні властивості мови.<br/>1.1. Розвиток юридичної лінгвістики<br/>1.2. Природа лексичного значення слова<br/>1.3. Семантичний спосіб утворення слів<br/>1.4. Стилістичні фігури як засоби вираження емоційності та експресивності мовлення<br/>Розділ ІІ. Лексичний аспект англійської юридичної лексики на прикладі англомовних промов юридичного сайту.<br/>2.1. Лексика з конкретним та абстрактним значенням<br/>2.2. Однозначність та багатозначність юридичної лексики<br/>2.3. Синонімія та антонімія в юридичній лексиці англійської мови<br/>2.4. Пароніми юридичної лексики<br/>Розділ ІІІ. Стилістичні фігури в англомовних судових промовах.<br/>3.1. Епітети як стилістичні засоби впливу<br/>3.2. Повтори в судових промовах англомовного юридичного сайту<br/>3.3. Градація і паралельні конструкції в англомовних судових промовах<br/>Висновки.<br/>Список використаної літератури.<br/>Додатки.
-- юридична лексика, промова
650 ## - SUBJECT ADDED ENTRY--TOPICAL TERM
Topical term or geographic name as entry element Research Papers
942 ## - ADDED ENTRY ELEMENTS (KOHA)
Koha item type Книги
Фонди
Withdrawn status Lost status Source of classification or shelving scheme Damaged status Not for loan Home library Current library Date acquired Source of acquisition Cost, normal purchase price Total Checkouts Full call number Barcode Date last seen Price effective from Koha item type
    Universal Decimal Classification     ВІЛ - Відділ іноземн. літератури НБ ВІЛ - Відділ іноземн. літератури НБ 17/06/2014 Акт №8 1.00   09 215636 09/11/2021 17/06/2014 Книги